Online Catalogue and eLibrary

Gods, Graves and Grandmother (Record no. 5691)

MARC details
000 -LEADER
fixed length control field 00373nam a2200157Ia 4500
005 - DATE AND TIME OF LATEST TRANSACTION
control field 20241107053246.0
008 - FIXED-LENGTH DATA ELEMENTS--GENERAL INFORMATION
fixed length control field 240331s9999 xx 000 0 und d
020 ## - INTERNATIONAL STANDARD BOOK NUMBER
ISBN 978141006994
082 ## - DDC Classification
Item Number - Author Mark GOK
Class No. 823
100 ## - MAIN ENTRY--PERSONAL NAME
Personal name Gokhale,N
245 #0 - TITLE STATEMENT
Title Gods, Graves and Grandmother
260 ## - PUBLICATION, DISTRIBUTION, ETC.
Place of publication, distribution, etc. New York
Name of publisher, distributor, etc. Penguin Groups
Date of publication, distribution, etc. 1994
300 ## - PHYSICAL DESCRIPTION
Extent (e.g. Volumes, Pages etc.) 240 p .,
500 ## - GENERAL NOTE
General note Novel
942 ## - Koha item type (Biblio)
Koha item type Books in Stacks (Lending)
Holdings
Lost status Damaged status Collection code Home library Current library Shelving location Date acquired Full call number Accession Number Item type
    Lending WERC Library WERC Library Social Science Cupboard 03/31/2024 823 GOK 6739 Books in Stacks (Lending)

© WERC Library